[Event "MCR_KT26"]
[Site "?"]
[Date "2006.??.??"]
[Round "?"]
[White "Struzka, Vlastimil"]
[Black "Lucan, Zdenko"]
[Result "1-0"]
[WhiteElo "2094"]
[BlackElo "1661"]
[PlyCount "49"]
[EventDate "2007.??.??"]
[EventType "tourn"]
[EventRounds "2"]
[SourceDate "2007.01.09"]

1. d4 Nf6 2. Nf3 e6 3. Bg5 Be7 4. e3 d6 5. Bd3 Nbd7 6. O-O O-O 7. c4 b6 8. Nc3
Bb7 9. Qc2 Bxf3 10. gxf3 g6 11. Kh1 Re8 12. f4 Bf8 13. Be4 Rb8 14. Bc6 Bg7 15.
e4 h6 16. Bh4 Rf8 17. Qa4 Nc5 18. dxc5 dxc5 19. e5 Qd4 20. Rad1 Qxf4 21. Bg3
Qg5 22. exf6 Bxf6 23. Qxa7 Bxc3 24. Bxc7 Be5 25. f4 1-0

[Event "MCR_KT26"]
[Site "?"]
[Date "2005.??.??"]
[Round "?"]
[White "Pressl, Ladislav"]
[Black "Vins, Karel"]
[Result "1-0"]
[WhiteElo "1969"]
[BlackElo "1684"]
[PlyCount "51"]
[EventDate "2007.??.??"]
[EventType "tourn"]
[EventRounds "2"]
[SourceDate "2007.01.09"]

1. e4 e5 2. Nc3 Nf6 3. f4 d5 4. fxe5 Nxe4 5. Nf3 Be7 6. Ne2 Bg4 7. Ned4 Bxf3 8.
Qxf3 O-O 9. Nf5 c6 10. d4 Ng5 11. Qg4 g6 12. Nxe7+ Qxe7 13. Qxg5 f6 14. Qg3
fxe5 15. Qxe5 Qxe5+ 16. dxe5 Rf5 17. Be2 Rxe5 18. Bf4 Re7 19. Kd2 Nd7 20. Rad1
Rae8 21. Rhe1 Rf7 22. g3 Nf6 23. Bf3 Rfe7 24. Rxe7 Rxe7 25. Re1 Rxe1 26. Kxe1
1-0

[Event "MCR_KT26"]
[Site "?"]
[Date "2005.??.??"]
[Round "?"]
[White "Vlcek, Alois"]
[Black "Pipek, Jan"]
[Result "1/2-1/2"]
[WhiteElo "1826"]
[BlackElo "1736"]
[PlyCount "48"]
[EventDate "2007.??.??"]
[EventType "tourn"]
[EventRounds "2"]
[SourceDate "2007.01.09"]

1. e4 e5 2. Nf3 Nc6 3. Bc4 Nf6 4. d3 Bb4+ 5. c3 Be7 6. Ng5 O-O 7. O-O d6 8. h3
Na5 9. Na3 Nxc4 10. Nxc4 c6 11. Nf3 Be6 12. Ne3 Qc7 13. Ng5 Bd7 14. Qb3 a5 15.
Qc2 d5 16. Nf5 Bxf5 17. exf5 Qd7 18. Be3 Qxf5 19. Nf3 a4 20. Nh4 Qh5 21. Nf3
Rfe8 22. Rae1 Bd6 23. Qd2 Nd7 24. Nh2 Qg6 1/2-1/2

[Event "MCR_KT26"]
[Site "?"]
[Date "2006.??.??"]
[Round "?"]
[White "Lucan, Zdenko"]
[Black "Pipek, Jan"]
[Result "0-1"]
[WhiteElo "1661"]
[BlackElo "1736"]
[PlyCount "52"]
[EventDate "2007.??.??"]
[EventType "tourn"]
[EventRounds "2"]
[SourceDate "2007.01.09"]

1. f4 d5 2. Nf3 Bf5 3. e3 Nc6 4. Bb5 Qd6 5. Bxc6+ Qxc6 6. Nd4 Qf6 7. Nxf5 Qxf5
8. d4 e6 9. Nd2 Nf6 10. h3 Be7 11. Nf3 Ne4 12. g4 Qg6 13. g5 h6 14. Ne5 Qf5 15.
Qg4 hxg5 16. Qxf5 exf5 17. fxg5 Bxg5 18. Nf3 Be7 19. Bd2 g5 20. Ne5 g4 21. Nd3
gxh3 22. Nf4 h2 23. Ng2 Kd7 24. Nf4 Rag8 25. O-O-O Nf2 26. Ne2 f4 0-1

[Event "MCR_KT26"]
[Site "?"]
[Date "2006.??.??"]
[Round "?"]
[White "Vins, Karel"]
[Black "Vlcek, Alois"]
[Result "1/2-1/2"]
[WhiteElo "1684"]
[BlackElo "1826"]
[PlyCount "83"]
[EventDate "2007.??.??"]
[EventType "tourn"]
[EventRounds "2"]
[SourceDate "2007.01.09"]

1. e4 e5 2. Nf3 Nc6 3. Bc4 Qe7 4. c3 d6 5. h3 h6 6. d3 Nd8 7. Be3 a6 8. b4 Be6
9. Nbd2 Bxc4 10. Nxc4 Nc6 11. a4 Qd7 12. O-O Be7 13. Nh2 a5 14. b5 Nd8 15. Nb2
b6 16. c4 Bf6 17. f3 Ne7 18. g4 Ne6 19. Qe2 g5 20. Rab1 O-O-O 21. Rfd1 h5 22.
Kg2 Nf4+ 23. Bxf4 gxf4 24. Rh1 Bh4 25. Rbg1 Rdg8 26. Kf1 Bg5 27. Qg2 Ng6 28.
Ke2 Rg7 29. Kd1 f6 30. Nf1 Nh4 31. Qe2 Ng6 32. Ng3 fxg3 33. Rxg3 h4 34. Rgg1
Nf4 35. Qf2 Ne6 36. Kc2 Rg6 37. Nd1 Nd4+ 38. Kc3 Kb7 39. Ne3 Rgg8 40. Re1 Rc8
41. Rhf1 Rh6 42. Nd5 1/2-1/2

[Event "MCR_KT26"]
[Site "?"]
[Date "2006.??.??"]
[Round "?"]
[White "Struzka, Vlastimil"]
[Black "Pressl, Ladislav"]
[Result "1-0"]
[WhiteElo "2094"]
[BlackElo "1969"]
[PlyCount "61"]
[EventDate "2007.??.??"]
[EventType "tourn"]
[EventRounds "2"]
[SourceDate "2007.01.09"]

1. d4 Nf6 2. Nf3 e6 3. Bg5 Be7 4. e3 d5 5. Bd3 c5 6. O-O O-O 7. dxc5 Bxc5 8.
Nbd2 Nc6 9. c4 Nb4 10. Be2 dxc4 11. a3 Nbd5 12. Nxc4 Qe7 13. e4 h6 14. exd5
hxg5 15. d6 Qd8 16. b4 Bb6 17. Nxg5 Nd5 18. Qd2 Bd7 19. Bf3 Bc6 20. Rab1 a6 21.
Bxd5 Bxd5 22. Nxb6 Qxb6 23. Qd3 g6 24. Qh3 Kg7 25. Rfe1 Qxd6 26. Qh4 Rad8 27.
Qh7+ Kf6 28. Qh6 Ke7 29. Nh7 Rh8 30. Rbc1 Bc6 31. Qh4+ 1-0

[Event "MCR_KT26"]
[Site "?"]
[Date "2006.??.??"]
[Round "?"]
[White "Pressl, Ladislav"]
[Black "Lucan, Zdenko"]
[Result "1-0"]
[WhiteElo "1969"]
[BlackElo "1661"]
[PlyCount "91"]
[EventDate "2007.??.??"]
[EventType "tourn"]
[EventRounds "2"]
[SourceDate "2007.01.09"]

1. e4 e6 2. d4 d5 3. Nd2 Nc6 4. Ngf3 Nf6 5. e5 Ne4 6. c3 Nxd2 7. Bxd2 Be7 8.
Bd3 a6 9. Qc2 g6 10. Bh6 b5 11. O-O b4 12. Rac1 a5 13. Bb5 Bd7 14. Qe2 Nb8 15.
cxb4 Bxb5 16. Qxb5+ Nd7 17. bxa5 Qb8 18. Qc6 Ra7 19. Rc2 Qb7 20. Qxb7 Rxb7 21.
a3 Nb8 22. b4 Kd7 23. Rfc1 Rc8 24. Bg5 Bf8 25. Be3 Be7 26. Ne1 Na6 27. Nd3 f5
28. exf6 Bxf6 29. Ne5+ Bxe5 30. dxe5 Nb8 31. Bd4 c6 32. Kf1 Rb5 33. Ke2 Na6 34.
Ke3 h6 35. Kd3 h5 36. g3 Nb8 37. f4 Na6 38. Bb6 Nb8 39. Rc5 Rxc5 40. Bxc5 Na6
41. h4 Nxc5+ 42. Rxc5 Kc7 43. b5 Kb7 44. a4 cxb5 45. Rxc8 Kxc8 46. axb5 1-0

[Event "MCR_KT26"]
[Site "?"]
[Date "2006.??.??"]
[Round "?"]
[White "Vlcek, Alois"]
[Black "Struzka, Vlastimil"]
[Result "0-1"]
[WhiteElo "1826"]
[BlackElo "2094"]
[PlyCount "62"]
[EventDate "2007.??.??"]
[EventType "tourn"]
[EventRounds "2"]
[SourceDate "2007.01.09"]

1. e4 e5 2. Nf3 Nf6 3. Nxe5 d6 4. Nf3 Nxe4 5. Nc3 Nf6 6. d4 Be7 7. Bg5 O-O 8.
Qd2 Re8 9. Bd3 Nc6 10. O-O-O Nb4 11. Bc4 c6 12. a3 d5 13. Bb3 Na6 14. Ne5 Nc7
15. f3 Ne6 16. h4 Bd6 17. Ne2 Nxd4 18. Nxd4 Bxe5 19. Ne2 Qb6 20. f4 Ne4 21. Qe1
Bd7 22. Rf1 Bg4 23. Rf3 Bxf3 24. gxf3 Qe3+ 25. Kb1 Nxg5 26. fxg5 Qxf3 27. Rd2
Bf4 28. Rd3 Rxe2 29. Qc3 Qf1+ 30. Ka2 Be5 31. Qb4 Re1 0-1

[Event "MCR_KT26"]
[Site "?"]
[Date "2006.??.??"]
[Round "?"]
[White "Pipek, Jan"]
[Black "Vins, Karel"]
[Result "1-0"]
[WhiteElo "1736"]
[BlackElo "1684"]
[PlyCount "67"]
[EventDate "2007.??.??"]
[EventType "tourn"]
[EventRounds "2"]
[SourceDate "2007.01.09"]

1. e4 e5 2. Nf3 Nf6 3. Nxe5 d6 4. Nf3 Nxe4 5. Qe2 Qe7 6. d3 Nf6 7. Nc3 c6 8.
Bg5 Qxe2+ 9. Bxe2 Be7 10. O-O Be6 11. Rfe1 Nbd7 12. Nd4 O-O 13. Nxe6 fxe6 14.
Bg4 Nxg4 15. Bxe7 Rxf2 16. h3 Rxc2 17. hxg4 Rxb2 18. Bxd6 Nf8 19. Ne4 Rd8 20.
Rab1 Rxb1 21. Rxb1 b6 22. d4 Nd7 23. Rc1 Rc8 24. Bg3 Nf6 25. Nd6 Rc7 26. g5 Nd7
27. Nf5 e5 28. dxe5 Kf7 29. e6+ Kxe6 30. Nd4+ Kd5 31. Bxc7 Kxd4 32. Rd1+ Kc5
33. Rxd7 h6 34. g6 1-0

[Event "MCR_KT26"]
[Site "?"]
[Date "2006.??.??"]
[Round "?"]
[White "Lucan, Zdenko"]
[Black "Vins, Karel"]
[Result "1/2-1/2"]
[WhiteElo "1661"]
[BlackElo "1684"]
[PlyCount "70"]
[EventDate "2007.??.??"]
[EventType "tourn"]
[EventRounds "2"]
[SourceDate "2007.01.09"]

1. f4 d5 2. e3 Nf6 3. Nf3 e6 4. b3 c5 5. Bb2 Bd6 6. Be2 Nc6 7. a3 O-O 8. Bxf6
Qxf6 9. Nc3 a6 10. O-O h5 11. Qe1 g6 12. Qh4 Qxh4 13. Nxh4 Kg7 14. Na4 b5 15.
Nb6 Ra7 16. Nxc8 Rxc8 17. d3 Ne7 18. e4 d4 19. e5 Bc7 20. Bf3 b4 21. a4 Ng8 22.
g3 Bd8 23. Ng2 a5 24. h3 f5 25. exf6+ Kxf6 26. Rae1 Rcc7 27. Re5 Nh6 28. Rfe1
Ra6 29. g4 hxg4 30. hxg4 Kf7 31. g5 Nf5 32. Be4 Be7 33. Bxf5 gxf5 34. Nh4 Bf8
35. Kg2 Bg7 1/2-1/2

[Event "MCR_KT26"]
[Site "?"]
[Date "2006.??.??"]
[Round "?"]
[White "Pressl, Ladislav"]
[Black "Vlcek, Alois"]
[Result "1-0"]
[WhiteElo "1969"]
[BlackElo "1826"]
[PlyCount "81"]
[EventDate "2007.??.??"]
[EventType "tourn"]
[EventRounds "2"]
[SourceDate "2007.01.09"]

1. e4 e5 2. Nf3 Nc6 3. Bb5 a6 4. Ba4 Nf6 5. O-O b5 6. Bb3 Be7 7. Re1 O-O 8. c3
d6 9. h3 h6 10. d4 Nd7 11. Bd5 Bb7 12. a4 Na5 13. axb5 c6 14. bxc6 Nxc6 15.
Nbd2 Nb6 16. dxe5 Nxd5 17. exd5 Nxe5 18. Nxe5 dxe5 19. c4 f6 20. b3 Bc8 21. Bb2
Bf5 22. Ne4 Bxe4 23. Rxe4 Bd6 24. Rg4 Qe8 25. Rg3 Kh8 26. Qc2 Qe7 27. Re3 Qc7
28. Bc3 a5 29. Qd2 f5 30. Ree1 f4 31. Bxa5 Qf7 32. b4 Qh5 33. c5 f3 34. Re3 Rf4
35. cxd6 Qf5 36. d7 Qxd7 37. Rxe5 Raf8 38. Bb6 fxg2 39. Kxg2 Qf7 40. Re6 Qh5
41. Ra3 1-0

[Event "MCR_KT26"]
[Site "?"]
[Date "2006.??.??"]
[Round "?"]
[White "Vlcek, Alois"]
[Black "Lucan, Zdenko"]
[Result "1-0"]
[WhiteElo "1826"]
[BlackElo "1661"]
[PlyCount "80"]
[EventDate "2007.??.??"]
[EventType "tourn"]
[EventRounds "2"]
[SourceDate "2007.01.09"]

1. e4 e5 2. Nf3 d6 3. d4 f5 4. Nc3 fxe4 5. Nxe4 d5 6. Ng3 e4 7. Ne5 Nd7 8. Nxd7
Qxd7 9. Qh5+ Qf7 10. Qxf7+ Kxf7 11. Bf4 Bd6 12. Bxd6 cxd6 13. O-O-O Nf6 14. Be2
Re8 15. h4 h5 16. Nxh5 Nxh5 17. Bxh5+ g6 18. Be2 Kg7 19. g4 Rf8 20. Rh2 Rf4 21.
g5 Bg4 22. Bxg4 Rxg4 23. Re1 Rh8 24. Reh1 Rf8 25. Kd2 b5 26. Ke2 a6 27. b3 Kf7
28. Rh3 Ke6 29. Re3 Rg2 30. Rf1 Rf4 31. Rh3 Kf5 32. Ke1 Kg4 33. Rg3+ Rxg3 34.
fxg3 Rf5 35. Ke2 e3 36. Rxf5 Kxf5 37. Kf3 a5 38. g4+ Ke6 39. Kxe3 b4 40. Kd3
Kd7 1-0

[Event "MCR_KT26"]
[Site "?"]
[Date "2006.??.??"]
[Round "?"]
[White "Pipek, Jan"]
[Black "Pressl, Ladislav"]
[Result "1-0"]
[WhiteElo "1736"]
[BlackElo "1969"]
[PlyCount "41"]
[EventDate "2007.??.??"]
[EventType "tourn"]
[EventRounds "2"]
[SourceDate "2007.01.09"]

1. e4 c5 2. Nf3 d6 3. d4 cxd4 4. Nxd4 Nc6 5. Nc3 Bd7 6. Bc4 Nxd4 7. Qxd4 Nf6 8.
f4 Bc6 9. O-O e6 10. Rd1 a6 11. f5 e5 12. Qd3 b5 13. Bb3 g6 14. Rf1 gxf5 15.
Rxf5 Bg7 16. Bg5 Bd7 17. Rf2 Be6 18. Nd5 Bxd5 19. Bxd5 Rc8 20. Raf1 Qb6 21. Kh1
1-0

[Event "MCR_KT26"]
[Site "?"]
[Date "2006.??.??"]
[Round "?"]
[White "Vins, Karel"]
[Black "Struzka, Vlastimil"]
[Result "0-1"]
[WhiteElo "1684"]
[BlackElo "2094"]
[PlyCount "34"]
[EventDate "2007.??.??"]
[EventType "tourn"]
[EventRounds "2"]
[SourceDate "2007.01.09"]

1. e4 e5 2. Nf3 Nc6 3. c3 Nf6 4. d3 d5 5. Qe2 Be6 6. Bg5 h6 7. Bxf6 Qxf6 8. h3
d4 9. c4 O-O-O 10. a3 g5 11. g4 Ne7 12. Bg2 Ng6 13. b3 Nf4 14. Qf1 h5 15. Nh2
Bd7 16. f3 Qb6 17. Nd2 Qa5 0-1

[Event "MCR_KT26"]
[Site "?"]
[Date "2006.??.??"]
[Round "?"]
[White "Vins, Karel"]
[Black "Pressl, Ladislav"]
[Result "0-1"]
[WhiteElo "1684"]
[BlackElo "1969"]
[PlyCount "54"]
[EventDate "2007.??.??"]
[EventType "tourn"]
[EventRounds "2"]
[SourceDate "2007.01.09"]

1. e4 c5 2. Nf3 d6 3. d4 cxd4 4. Nxd4 Nc6 5. Nc3 Nf6 6. Nxc6 bxc6 7. Bd3 e5 8.
f3 Be7 9. b3 O-O 10. Ne2 Bb7 11. c4 d5 12. O-O Qb6+ 13. Kh1 Rad8 14. Qc2 d4 15.
h3 Nd7 16. g4 Rfe8 17. a3 a5 18. Bd2 Nc5 19. Rfb1 Nxd3 20. Qxd3 c5 21. Ng3 g6
22. Kg2 Rd7 23. Rb2 Rf8 24. Rf1 Bh4 25. Ne2 f6 26. Rfb1 f5 27. Nc1 fxe4 0-1

[Event "MCR_KT26"]
[Site "?"]
[Date "2006.??.??"]
[Round "?"]
[White "Pipek, Jan"]
[Black "Vlcek, Alois"]
[Result "1/2-1/2"]
[WhiteElo "1736"]
[BlackElo "1826"]
[PlyCount "48"]
[EventDate "2007.??.??"]
[EventType "tourn"]
[EventRounds "2"]
[SourceDate "2007.01.09"]

1. e4 e5 2. Nf3 Nc6 3. d4 exd4 4. Nxd4 Nxd4 5. Qxd4 c5 6. Qe3 Be7 7. Nc3 d6 8.
Qg3 g6 9. Bb5+ Bd7 10. Bxd7+ Qxd7 11. Nd5 Nf6 12. Qc3 O-O-O 13. Nxf6 Qe6 14.
Nd5 Qxe4+ 15. Ne3 d5 16. Qd3 Qe6 17. O-O Rhe8 18. Rd1 c4 19. Qd4 f5 20. Qxa7
Bf6 21. Bd2 Be5 22. Ba5 Rd7 23. Bb6 Bb8 24. Qa5 Rd6 1/2-1/2

[Event "MCR_KT26"]
[Site "?"]
[Date "2006.??.??"]
[Round "?"]
[White "Pipek, Jan"]
[Black "Lucan, Zdenko"]
[Result "1-0"]
[WhiteElo "1736"]
[BlackElo "1661"]
[PlyCount "53"]
[EventDate "2007.??.??"]
[EventType "tourn"]
[EventRounds "2"]
[SourceDate "2007.01.09"]

1. e4 e5 2. Nf3 d6 3. d4 f5 4. exf5 e4 5. Ng5 Bxf5 6. f3 d5 7. fxe4 Bxe4 8.
Nxe4 dxe4 9. Qh5+ Kd7 10. Qf5+ Ke8 11. Bb5+ c6 12. Bc4 Nf6 13. Be3 Qd7 14. Be6
Qd8 15. O-O Be7 16. Nc3 g6 17. Qf4 Qd6 18. Qxd6 Bxd6 19. Rxf6 Ke7 20. Nxe4 Nd7
21. Bxd7 Kxd7 22. Rxd6+ Kc7 23. Bf4 Rad8 24. Rxg6+ Kc8 25. Rg7 Rxd4 26. Rc7+
Kd8 27. Nc5 1-0

[Event "MCR_KT26"]
[Site "?"]
[Date "2006.??.??"]
[Round "?"]
[White "Vlcek, Alois"]
[Black "Vins, Karel"]
[Result "1-0"]
[WhiteElo "1826"]
[BlackElo "1684"]
[PlyCount "77"]
[EventDate "2007.??.??"]
[EventType "tourn"]
[EventRounds "2"]
[SourceDate "2007.01.09"]

1. e4 e5 2. Nf3 Nf6 3. Nxe5 d6 4. Nf3 Nxe4 5. Nc3 Nxc3 6. dxc3 Be7 7. Be3 Be6
8. Qd2 h6 9. Nd4 Qd7 10. c4 Bf6 11. O-O-O a6 12. Nxe6 fxe6 13. Be2 Nc6 14. Bh5+
Kd8 15. Bg4 Ne5 16. Be2 Nf7 17. f4 g6 18. h4 c6 19. Bb6+ Kc8 20. Qe3 h5 21. g4
Bd8 22. Bd4 Rh7 23. g5 b5 24. c5 d5 25. Bd3 Nh8 26. Bxh8 Rxh8 27. Bxg6 Qe7 28.
Rhe1 Kd7 29. Qd4 Qf8 30. Rf1 Be7 31. Rde1 Bxc5 32. Qe5 Re8 33. f5 Qd6 34. Bxe8+
Rxe8 35. fxe6+ Kc8 36. Qf5 Qe7 37. Qg6 Bd4 38. c3 Bh8 39. Rf7 1-0

[Event "MCR_KT26"]
[Site "?"]
[Date "2006.??.??"]
[Round "?"]
[White "Pressl, Ladislav"]
[Black "Struzka, Vlastimil"]
[Result "0-1"]
[WhiteElo "1969"]
[BlackElo "2094"]
[PlyCount "60"]
[EventDate "2007.??.??"]
[EventType "tourn"]
[EventRounds "2"]
[SourceDate "2007.01.09"]

1. e4 e5 2. Nf3 Nc6 3. Bb5 Bc5 4. O-O Qf6 5. c3 Nge7 6. b4 Bb6 7. Na3 O-O 8.
Nc4 d5 9. exd5 Nxd5 10. Bxc6 Qxc6 11. Ncxe5 Qe8 12. Re1 f6 13. Nc4 Qh5 14. Qb3
Bh3 15. Nxb6 axb6 16. gxh3 Qxf3 17. Re3 Qf5 18. d4 Rfe8 19. Bd2 Rxe3 20. Bxe3
Qg6+ 21. Kh1 Qe4+ 22. Kg1 b5 23. c4 bxc4 24. Qxc4 Ra6 25. Re1 f5 26. Bd2 Rg6+
27. Kf1 Qg2+ 28. Ke2 Re6+ 29. Kd1 Qf3+ 30. Re2 h5 0-1

[Event "MCR_KT26"]
[Site "?"]
[Date "2006.??.??"]
[Round "?"]
[White "Lucan, Zdenko"]
[Black "Pressl, Ladislav"]
[Result "0-1"]
[WhiteElo "1661"]
[BlackElo "1969"]
[PlyCount "94"]
[EventDate "2007.??.??"]
[EventType "tourn"]
[EventRounds "2"]
[SourceDate "2007.01.09"]

1. b3 Nf6 2. Bb2 e6 3. c4 c5 4. d3 d5 5. g3 Be7 6. e3 O-O 7. Bg2 b6 8. Nd2 Bb7
9. h3 Nc6 10. a3 dxc4 11. Nxc4 b5 12. Ne5 Rc8 13. Nxc6 Bxc6 14. Bxc6 Rxc6 15.
Nf3 Qa5+ 16. Qd2 Qxd2+ 17. Nxd2 Rd8 18. d4 c4 19. bxc4 bxc4 20. Nb1 Rb8 21. Bc3
Rb3 22. O-O Ne4 23. Nd2 Nxd2 24. Bxd2 c3 25. Bc1 c2 26. Bd2 Rxa3 27. Rxa3 Bxa3
28. Bc1 Bd6 29. g4 a5 30. Bb2 a4 31. Ra1 a3 32. Bc1 g5 33. Kf1 f6 34. Ke2 Kf7
35. Kd3 Bb4 36. Ra2 Rc3+ 37. Kd2 e5 38. dxe5 fxe5 39. e4 Rxh3+ 40. Kxc2 Rc3+
41. Kb1 Kg6 42. Rc2 Rxc2 43. Kxc2 h5 44. gxh5+ Kxh5 45. f4 exf4 46. Kd1 a2 47.
Bb2 g4 0-1

[Event "MCR_KT26"]
[Site "?"]
[Date "2006.??.??"]
[Round "?"]
[White "Vins, Karel"]
[Black "Pipek, Jan"]
[Result "0-1"]
[WhiteElo "1684"]
[BlackElo "1736"]
[PlyCount "66"]
[EventDate "2007.??.??"]
[EventType "tourn"]
[EventRounds "2"]
[SourceDate "2007.01.09"]

1. e4 e5 2. Nf3 Nc6 3. Bb5 Nd4 4. Nxd4 exd4 5. O-O Qh4 6. d3 Bd6 7. g3 Qf6 8.
c4 Ne7 9. f4 Bc5 10. Nd2 a6 11. Ba4 Nc6 12. a3 Bb6 13. b4 d6 14. Nf3 Bh3 15.
Rf2 O-O 16. f5 Bg4 17. Bxc6 bxc6 18. Qe1 Qe7 19. Kg2 a5 20. Bd2 axb4 21. Bxb4
Rfe8 22. a4 Qf6 23. Ng1 Bh5 24. h3 d5 25. g4 dxe4 26. gxh5 c5 27. a5 exd3 28.
Qd1 cxb4 29. axb6 Rxa1 30. Qxa1 c5 31. Qa7 d2 32. Qa1 Qc6+ 33. Nf3 Re1 0-1

[Event "MCR_KT26"]
[Site "?"]
[Date "2006.??.??"]
[Round "?"]
[White "Vins, Karel"]
[Black "Lucan, Zdenko"]
[Result "1-0"]
[WhiteElo "1684"]
[BlackElo "1661"]
[PlyCount "41"]
[EventDate "2007.??.??"]
[EventType "tourn"]
[EventRounds "2"]
[SourceDate "2007.01.09"]

1. e4 e6 2. d4 d5 3. Nd2 dxe4 4. Nxe4 Be7 5. Nf3 Nf6 6. Nxf6+ Bxf6 7. c3 Nc6 8.
Bd3 Bd7 9. O-O O-O 10. h3 Ne7 11. Qc2 g6 12. Be3 Nd5 13. Bd2 Bc6 14. Ne5 Bxe5
15. dxe5 Ne7 16. Bg5 Re8 17. Rad1 Qc8 18. Qd2 a6 19. Bf6 Nd5 20. Qh6 Nxf6 21.
exf6 1-0

[Event "MCR_KT26"]
[Site "?"]
[Date "2006.??.??"]
[Round "?"]
[White "Vlcek, Alois"]
[Black "Pressl, Ladislav"]
[Result "1-0"]
[WhiteElo "1826"]
[BlackElo "1969"]
[PlyCount "71"]
[EventDate "2007.??.??"]
[EventType "tourn"]
[EventRounds "2"]
[SourceDate "2007.01.09"]

1. e4 c5 2. Nf3 d6 3. d4 cxd4 4. Nxd4 Nc6 5. Nc3 Nf6 6. Nxc6 bxc6 7. e5 dxe5 8.
Qxd8+ Kxd8 9. h3 Nd5 10. Bd2 Bf5 11. Nxd5 cxd5 12. Ba5+ Ke8 13. O-O-O e6 14. f3
e4 15. g4 Bg6 16. Bb5+ Ke7 17. Bb4+ Kd8 18. Ba5+ Kc8 19. f4 Bd6 20. f5 a6 21.
Bc6 Rb8 22. fxg6 hxg6 23. c4 Bb4 24. Bxb4 Rxb4 25. cxd5 Rd8 26. b3 Rb6 27. Kb2
exd5 28. Bxd5 Rbd6 29. Rc1+ Kb8 30. Bxe4 Rd2+ 31. Bc2 Rf2 32. Rcf1 Rdd2 33.
Rxf2 Rxf2 34. Re1 Kc7 35. Re8 Kd7 36. Ra8 1-0

[Event "MCR_KT26"]
[Site "?"]
[Date "2006.??.??"]
[Round "?"]
[White "Lucan, Zdenko"]
[Black "Vlcek, Alois"]
[Result "0-1"]
[WhiteElo "1661"]
[BlackElo "1826"]
[PlyCount "74"]
[EventDate "2007.??.??"]
[EventType "tourn"]
[EventRounds "2"]
[SourceDate "2007.01.09"]

1. b3 Nc6 2. Bb2 e5 3. e3 a6 4. a3 d5 5. g3 Be6 6. Bg2 f5 7. Ne2 h5 8. h4 Qd7
9. d3 O-O-O 10. Nd2 Nf6 11. Bh3 d4 12. e4 fxe4 13. Bxe6 Qxe6 14. Nxe4 Nxe4 15.
dxe4 g6 16. f3 Bh6 17. Bc1 Be3 18. Qd3 Rhf8 19. Rf1 Bxc1 20. Rxc1 Qe7 21. f4
Rf7 22. b4 Rdf8 23. Rf2 Qd7 24. Qf3 exf4 25. Nxf4 Qd6 26. Qg2 Ne5 27. Qh3+ Kb8
28. Qe6 Qxe6 29. Nxe6 Rxf2 30. Nxf8 Rxf8 31. Ke2 Rf3 32. Rd1 Re3+ 33. Kf2 Ng4+
34. Kg2 Rxe4 35. Kf3 Re3+ 36. Kg2 Rxa3 37. Rxd4 Ne3+ 0-1

[Event "MCR_KT26"]
[Site "?"]
[Date "2006.??.??"]
[Round "?"]
[White "Pressl, Ladislav"]
[Black "Pipek, Jan"]
[Result "0-1"]
[WhiteElo "1969"]
[BlackElo "1736"]
[PlyCount "46"]
[EventDate "2007.??.??"]
[EventType "tourn"]
[EventRounds "2"]
[SourceDate "2007.01.09"]

1. f4 Nf6 2. c4 d5 3. cxd5 Nxd5 4. Nc3 Nc6 5. d4 Bf5 6. a3 e6 7. e3 Be7 8. Nf3
O-O 9. Be2 Qd7 10. Ne5 Nxe5 11. fxe5 Bh4+ 12. g3 Bg5 13. Nxd5 exd5 14. O-O f6
15. Bd3 Bxd3 16. Qxd3 fxe5 17. dxe5 Rxf1+ 18. Kxf1 Re8 19. Qc3 Qf5+ 20. Kg2 Rf8
21. Bd2 Qf3+ 22. Kh3 Qh5+ 23. Kg2 Qe2+ 0-1

[Event "MCR_KT26"]
[Site "?"]
[Date "2006.??.??"]
[Round "?"]
[White "Struzka, Vlastimil"]
[Black "Vins, Karel"]
[Result "1-0"]
[WhiteElo "2094"]
[BlackElo "1684"]
[PlyCount "39"]
[EventDate "2007.??.??"]
[EventType "tourn"]
[EventRounds "2"]
[SourceDate "2007.01.09"]

1. d4 d5 2. Nf3 Nf6 3. Bf4 Nh5 4. Bg5 g6 5. e3 Bg4 6. c4 f6 7. Bh4 g5 8. h3
Bxf3 9. Qxf3 Ng7 10. Bg3 e6 11. h4 Nf5 12. hxg5 Nxg3 13. Qxg3 Kd7 14. cxd5 exd5
15. Qg4+ Kc6 16. Nc3 Bb4 17. g6 hxg6 18. Rxh8 Qxh8 19. Qe6+ Bd6 20. Rc1 1-0

[Event "MCR_KT26"]
[Site "?"]
[Date "2006.??.??"]
[Round "?"]
[White "Lucan, Zdenko"]
[Black "Struzka, Vlastimil"]
[Result "0-1"]
[WhiteElo "1661"]
[BlackElo "2094"]
[PlyCount "42"]
[EventDate "2007.??.??"]
[EventType "tourn"]
[EventRounds "2"]
[SourceDate "2007.01.09"]

1. b3 e5 2. Bb2 d6 3. c4 Nf6 4. e3 Be7 5. g3 Nc6 6. a3 d5 7. cxd5 Qxd5 8. Nf3
Bg4 9. Bg2 e4 10. Nc3 exf3 11. Nxd5 fxg2 12. Nxf6+ Bxf6 13. Rg1 Bxd1 14. Bxf6
Bf3 15. Bxg7 Rg8 16. Bf6 a5 17. Rc1 Ra6 18. Rc3 Rg6 19. Bd4 Nxd4 20. exd4 Rge6+
21. Re3 Rac6 0-1

[Event "MCR_KT26"]
[Site "?"]
[Date "2006.??.??"]
[Round "?"]
[White "Pipek, Jan"]
[Black "Struzka, Vlastimil"]
[Result "0-1"]
[WhiteElo "1736"]
[BlackElo "2094"]
[PlyCount "60"]
[EventDate "2007.??.??"]
[EventType "tourn"]
[EventRounds "2"]
[SourceDate "2007.01.09"]

1. e4 e5 2. Nf3 Nc6 3. Bc4 Bc5 4. d3 d6 5. c3 Nf6 6. O-O O-O 7. a4 Bb6 8. b4 a5
9. b5 Ne7 10. Bb3 Nd7 11. d4 exd4 12. cxd4 Nf6 13. Re1 Bg4 14. Nc3 h6 15. Ba3
Bxf3 16. gxf3 Nh5 17. Kh1 Nf4 18. Qd2 Nh3 19. Qe3 Qd7 20. Nd5 Nxd5 21. Bxd5
Rab8 22. Rad1 Rfc8 23. Bc4 g5 24. Bc5 Kh7 25. Bxb6 cxb6 26. Bd3 d5 27. Rc1 Rxc1
28. Rxc1 Kg8 29. exd5 Rd8 30. Bf1 Nf4 0-1

[Event "MCR_KT26"]
[Site "?"]
[Date "2006.??.??"]
[Round "?"]
[White "Struzka, Vlastimil"]
[Black "Pipek, Jan"]
[Result "1-0"]
[WhiteElo "2094"]
[BlackElo "1736"]
[PlyCount "61"]
[EventDate "2007.??.??"]
[EventType "tourn"]
[EventRounds "2"]
[SourceDate "2007.01.09"]

1. d4 d5 2. Nf3 Bf5 3. e3 e6 4. Bd3 Be4 5. O-O Nf6 6. c4 c6 7. Nc3 Bxd3 8. Qxd3
Nbd7 9. e4 dxe4 10. Nxe4 Nxe4 11. Qxe4 Nf6 12. Qh4 Bd6 13. Re1 Qe7 14. Bd2
O-O-O 15. Rad1 h6 16. Ne5 Bc7 17. Bc3 g5 18. Qh3 h5 19. d5 Ng4 20. Qf3 Bxe5 21.
Bxe5 Nxe5 22. Rxe5 g4 23. Qe3 Kb8 24. Re1 h4 25. Qf4 Qc7 26. dxe6 fxe6 27. Qxg4
h3 28. Rxe6 Qd7 29. g3 Ka8 30. Qe2 Rhf8 31. b4 1-0

[Event "MCR_KT26"]
[Site "?"]
[Date "2006.??.??"]
[Round "?"]
[White "Struzka, Vlastimil"]
[Black "Vlcek, Alois"]
[Result "1-0"]
[WhiteElo "2094"]
[BlackElo "1826"]
[PlyCount "81"]
[EventDate "2007.??.??"]
[EventType "tourn"]
[EventRounds "2"]
[SourceDate "2007.01.09"]

1. d4 Nf6 2. Nf3 e6 3. Bg5 Be7 4. Nc3 h6 5. Bxf6 Bxf6 6. e4 d6 7. e5 Be7 8. Bd3
d5 9. O-O O-O 10. Qd2 a6 11. Qf4 Nd7 12. Ne2 f6 13. Qg4 f5 14. Qg3 Rf7 15. Nf4
Nf8 16. a4 Kh7 17. c3 Bd7 18. h4 g6 19. b3 Rg7 20. c4 c6 21. Kh2 Kh8 22. Rh1
Nh7 23. Nxg6+ Kg8 24. Nxe7+ Qxe7 25. Qf4 Kh8 26. Qxh6 Rag8 27. g3 Rg6 28. Qd2
Nf8 29. h5 R6g7 30. Kg2 Be8 31. a5 Rg4 32. Qh6+ Nh7 33. Rac1 R8g7 34. cxd5 Bd7
35. dxc6 Bxc6 36. Rxc6 bxc6 37. Bc4 f4 38. Nh4 Rxh4 39. Rxh4 Qxh4 40. Qxg7+
Kxg7 41. gxh4 1-0